书目信息 |
| 题名: |
世界主要政党规章制度文献
|
|
| 作者: | 俞可平 主编 ;吕楠 册主编 | |
| 分册: | 英国 | |
| 出版信息: | 北京 中央编译出版社 2015 |
|
| 页数: | 22,624页 | |
| 开本: | 24cm | |
| 丛书名: | ||
| 单 册: | ||
| 中图分类: | D564 , D756.164 | |
| 科图分类: | ||
| 主题词: | 政党--zheng dang--规章制度--文献--世界--汇编 , 政党--zheng dang--规章制度--文献--英国 | |
| 电子资源: | ||
| ISBN: | 978-7-5117-2897-5 | |
| 000 | 01100nam0 22002771 450 | |
| 001 | 0102093651 | |
| 005 | 20170402093651.0 | |
| 010 | @a978-7-5117-2897-5@b精装@dCNY260.00 | |
| 100 | @a20160729d2015 em y0chiy50 ea | |
| 101 | 0 | @achi |
| 102 | @aCN@b110000 | |
| 105 | @ay z 000yy | |
| 106 | @ar | |
| 200 | 1 | @a世界主要政党规章制度文献@Ashi jie zhu yao zheng dang gui zhang zhi du wen xian@i英国@f俞可平主编@g吕楠主[册]主编 |
| 210 | @a北京@c中央编译出版社@d2015 | |
| 215 | @a22,624页@d24cm | |
| 300 | @a中央编译局文库 国家出版基金项目 国家“十二五”重点图书 | |
| 330 | @a本书收录了英国宪法,政党、选举及全民公投法(2000年),工党章程全编(2010年),英国保守党党章和英国自由民主党党章,以及对这些政党法律文本的分析和阐述,是学习和研究英国政党制度的重要文献。 | |
| 606 | 0 | @a政党@Azheng dang@x规章制度@x文献@y世界@j汇编 |
| 606 | 0 | @a政党@Azheng dang@x规章制度@x文献@y英国 |
| 690 | @aD564@v5 | |
| 690 | @aD756.164@v5 | |
| 701 | 0 | @a俞可平@Ayu ke ping@f(1959.7~)@4主编 |
| 702 | 0 | @a吕楠@Alv nan@c(女,@f1978~)@4册主编 |
| 801 | 0 | @aCN@bTANGWEI@c20170308 |
| 905 | @b0964711-2@dD564@e211@f2 | |
| 世界主要政党规章制度文献.英国/俞可平主编/吕楠主[册]主编.-北京:中央编译出版社,2015 |
| 22,624页;24cm |
| 中央编译局文库 国家出版基金项目 国家“十二五”重点图书 |
| ISBN 978-7-5117-2897-5(精装):CNY260.00 |
| 本书收录了英国宪法,政党、选举及全民公投法(2000年),工党章程全编(2010年),英国保守党党章和英国自由民主党党章,以及对这些政党法律文本的分析和阐述,是学习和研究英国政党制度的重要文献。 |
| ● |
| 相关链接 |
|
|
|
|
正题名:世界主要政党规章制度文献
索取号:D564/211
 
预约/预借
| 序号 | 登录号 | 条形码 | 馆藏地/架位号 | 状态 | 备注 |
| 1 | 0964711 | 209647113 | 第一样本阅览室/ [索取号:D564/211] | 在馆 | |
| 2 | 0964712 | 209647122 | 第一借阅区/ [索取号:D564/211] | 在馆 |